[Event "Kalyan op 2nd"]
[Site "Kalyan"]
[Date "2019.01.30"]
[Round "2"]
[White "Tawade, Arnav"]
[Black "Ahmed, Feroz"]
[Result "0-1"]
[WhiteElo "1285"]
[BlackElo "1919"]
[PlyCount "66"]
[EventDate "2019.01.29"]
[EventType "swiss"]
[EventRounds "10"]
[EventCountry "IND"]
[SourceTitle "CBM 188 Extra"]
[Source "ChessBase"]
[SourceDate "2019.02.26"]
[SourceVersion "1"]
[SourceVersionDate "2019.02.26"]
[SourceQuality "1"]

1. d4 Nf6 2. c4 g6 3. Nc3 Bg7 4. e4 d6 5. Nf3 0-0 6. Be2 Nbd7 7. 0-0 e5 8. Qc2 exd4 9. Nxd4 Re8 10. Rd1 Nc5 11. f3 Nh5 12. Be3 f5 13. Nb3 Nxb3 14. Qxb3 Be6 15. Nd5 Bxd5 16. Rxd5 fxe4 17. fxe4 Rxe4 18. Bf3 Re5 19. Rxe5 Bxe5 20. Qxb7 Rb8 21. Qd5+ Kg7 22. Bd4 Bxd4+ 23. Qxd4+ Nf6 24. Qxa7 Rxb2 25. a4 Qe7 26. a5 Qe5 27. Qxc7+ Kh6 28. a6 Ne4 29. Qa7 Rb6 30. Rf1 Qc5+ 31. Kh1 Nf2+ 32. Rxf2 Rb1+ 33. Rf1 Rxf1# 0-1

[Event "Mumbai Wealth op U13 4th"]
[Site "Mumbai"]
[Date "2019.01.06"]
[Round "8"]
[White "Nehete, Arnav"]
[Black "Tawade, Arnav"]
[Result "1/2-1/2"]
[WhiteElo "1544"]
[BlackElo "1285"]
[PlyCount "93"]
[EventDate "2018.12.30"]
[EventType "swiss"]
[EventRounds "9"]
[EventCountry "IND"]
[SourceTitle "CBM 188 Extra"]
[Source "ChessBase"]
[SourceDate "2019.02.26"]
[SourceVersion "1"]
[SourceVersionDate "2019.02.26"]
[SourceQuality "1"]

1. d4 d5 2. c4 c6 3. cxd5 cxd5 4. Nf3 Nf6 5. Nc3 Nc6 6. Bf4 Bf5 7. e3 e6 8. Qb3 Bb4 9. Bb5 Qa5 10. 0-0 0-0 11. Rfc1 Rfc8 12. a3 Bxc3 13. Rxc3 Ne4 14. Rcc1 Qb6 15. Qa4 h6 16. h3 a6 17. Bxc6 bxc6 18. b4 a5 19. Ne5 axb4 20. Qxb4 Qxb4 21. axb4 Rxa1 22. Rxa1 f6 23. Nd3 Nc3 24. Nc1 Bc2 25. Kf1 Ba4 26. Ra3 Bb5+ 27. Ke1 Na4 28. Nb3 Nb6 29. Ra7 Ra8 30. Ra5 Rc8 31. Nc5 Nc4 32. Ra7 e5 33. dxe5 fxe5 34. Bg3 Re8 35. Kd1 Nb2+ 36. Kc2 Nc4 37. Kc3 Nb6 38. Rb7 Na4+ 39. Nxa4 Bxa4 40. f3 Bb5 41. Rb6 e4 42. Kd4 exf3 43. gxf3 Rf8 44. Rb8 Rxb8 45. Bxb8 Be2 46. f4 Kf7 47. Kc5 1/2-1/2